|
|
|
|
| LEADER |
00957nam a2200253 a 4500 |
| 001 |
2581249 |
| 008 |
090727s1997 enk b 001 0 eng d |
| 010 |
|
|
|a 96041301
|
| 020 |
|
|
|a 0333622456 (hbk)
|
| 020 |
|
|
|a 0333622464 (pbk)
|
| 040 |
|
|
|a DLC
|c DLC
|d DLC
|
| 082 |
0 |
0 |
|a 823/.8
|2 20
|
| 245 |
0 |
0 |
|a Jane Eyre /
|c edited by Heather Glen.
|
| 260 |
|
|
|a Hampshire :
|b MacMillan,
|c 1997.
|
| 300 |
|
|
|a ix, 264 p. ;
|c 21 cm.
|
| 490 |
|
0 |
|a New casebooks
|
| 504 |
|
|
|a Includes bibliographical references (p. 251-255) and index.
|
| 541 |
1 |
|
|e 00009376
|
| 600 |
1 |
0 |
|a Brontë, Charlotte,
|d 1816-1855.
|t Jane Eyre.
|
| 650 |
|
0 |
|a Governesses in literature.
|
| 700 |
1 |
|
|a Glen, Heather.
|
| 852 |
4 |
|
|a Ayesha Abed Library
|j General shelf
|
| 999 |
|
|
|c 2913
|d 2913
|
| 952 |
|
|
|0 0
|1 0
|2 ddc
|4 1
|6 823_800000000000000_JAN
|7 0
|9 17983
|a BRACUL
|b BRACUL
|c SPS
|d 2011-09-07
|l 2
|o 823.8 JAN
|p 3010009376
|r 2012-06-26
|s 2012-06-26
|t 1
|w 2011-09-07
|y BK
|x Photocopy Book. Declared as Damaged on December 10, 2023
|